00733nas a2200217 4500001001300000003000900013005001700022007000300039008003400042040005400076041000900130072000800139100002100147100001700168245014100185650000900326650002500335650001600360650003300376773010600409BR2013001221BR-BrBNA20231205121915.0ta230509b bl.|||p| |||| 00| 00por d aBR-BrBNAbporcBiblioteca Nacional de Agricultura a(Pt) aF611 aPellegrini, B.G.1 aFerragut, C.1 aVariação sazonal e sucessional da comunidade de algas perifíticas em substrato natural em um reservatório mesotrófico tropical aALGA aVARIAÇÃO SAZONAL aTEMPERATURA aDISPONIBILIDADE DE NUTRIENTE0 tActa Botânica Brasilica (Brazil)xISSN 0102-3306g(Oct-Dec 2012), v. 26(4) p. 810-821wBR2013001221